000 00504nam a22001457a 4500
008 160415b xxu||||| |||| 00| 0 eng d
022 _a1655-8049
082 _2Jan-Dec 2005 v.4
_aDPer 304.6
_bP53
245 _aPhilippine population review/
_cPhilippine Population Association.
260 _aPhilippines:
_bPhilippine Population Association,
_cJan-Dec 2005.
300 _a135 pages;
_c25 cm.
500 _aIncludes bibliographical references.
650 0 _95676
_aPopulation
_zPhilippines.
942 _2ddc
_cPER
999 _c1789
_d1789